Statistics for Top 10 Largest States of Mexico by Area

Click here to take the quiz!

General Stats

  • This quiz has been taken 30 times
  • The average score is 7 of 10

Answer Stats

AreaState% Correct
247,460Chihuahua
100%
179,355Sonora
93%
73,311Chiapas
74%
78,588Jalisco
74%
93,757Oaxaca
74%
151,595Coahuila
70%
123,317Durango
70%
80,249Tamaulipas
63%
75,284Zacatecas
52%
73,909Baja California Sur
37%

Score Distribution

Percentile by Number Answered

Percent of People with Each Score

Your Score History

You have not taken this quiz